Costos en la construcción: análisis de sus componentes generales directos e indirectos . II parte
Guardado en:
| Format: | Bog |
|---|---|
| Sprog: | Spanish |
| Udgivet: |
[San José, Costa Rica
1979
|
| Fag: | |
| Tags: |
Tilføj Tag
Ingen Tags, Vær først til at tagge denne postø!
|
MARC
| LEADER | 00000nam a2200000Ia 4500 | ||
|---|---|---|---|
| 003 | 001899 | ||
| 005 | 20221231144001.0 | ||
| 008 | 140114s1979 cr a 000 ||spa d | ||
| 040 | |c cru CEDI | ||
| 082 | |a 692 C837c | ||
| 245 | |a Costos en la construcción: análisis de sus componentes generales directos e indirectos . II parte | ||
| 260 | |a [San José, Costa Rica |c 1979 | ||
| 300 | |a 14 [5] páginas | ||
| 500 | |a A la cabeza de la portada Instituto Costarricence de Electricidad . Departamento de Entrenamiento .Oficina de Capacitación en Energía | ||
| 650 | |x ADMINISTRACION |x CONSTRUCCION |x CONTRATOS Y ESPECIFICACIONES |9 20924 | ||
| 942 | |2 ddc |c BK | ||
| 999 | |c 15178 |d 15178 | ||
